[Event "ENCI Limburg-open B"]
[Site "Maastricht"]
[Date "2012.05.26"]
[Round "2"]
[White "Schubert, Karl"]
[Black "Van Ginneken, Jeroen"]
[Result "1-0"]
[WhiteElo "1879"]
[BlackElo "1718"]
[PlyCount "95"]
[EventDate "2012.05.25"]
[EventType "swiss"]
[EventRounds "7"]
[EventCountry "NED"]
[Source "P.Boonen"]
[SourceDate "2013.01.01"]

1. d4 d5 2. Nf3 c5 3. g3 Nc6 4. Bg2 e6 5. O-O cxd4 6. Nxd4 Nf6 7. Nxc6 bxc6 8.
c4 Be7 9. Qc2 O-O 10. Nd2 Ba6 11. a3 Rc8 12. b4 Ng4 13. Bb2 Bf6 14. Bxf6 Qxf6
15. Rae1 Qh6 16. h3 Ne5 17. c5 Nc4 18. Nxc4 Bxc4 19. f4 Qf6 20. Rf3 Rfe8 21.
Ref1 Qf5 22. Qd2 Re7 23. g4 Qf6 24. Kh1 Rce8 25. Rd1 a6 26. Rf2 e5 27. f5 e4
28. g5 Qe5 29. Qe3 Rd7 30. Rd4 Ra8 31. h4 a5 32. Bh3 Rb7 33. g6 axb4 34. gxf7+
Rxf7 35. axb4 Ra1+ 36. Kg2 Rb1 37. f6 Rb3 38. Qg5 Qxg5+ 39. hxg5 Rc7 40. Be6+
Kf8 41. Rd1 gxf6 42. gxf6 Rxb4 43. Kh2 d4 44. Rxd4 Bxe6 45. Rxb4 Kf7 46. Rxe4
Rd7 47. Re5 Rd4 48. Rxe6 1-0

[Event "ENCI Limburg-open B"]
[Site "Maastricht"]
[Date "2012.05.26"]
[Round "2"]
[White "Snoeks, Marnicq"]
[Black "Kuryliw, Ray"]
[Result "0-1"]
[WhiteElo "1706"]
[BlackElo "1897"]
[PlyCount "84"]
[EventDate "2012.05.25"]
[EventType "swiss"]
[EventRounds "7"]
[EventCountry "NED"]
[Source "P.Boonen"]
[SourceDate "2013.01.01"]

1. e4 e6 2. d4 d5 3. exd5 exd5 4. Nf3 Bd6 5. Bd3 Nf6 6. O-O O-O 7. h3 Re8 8.
Bg5 h6 9. Bh4 c6 10. Nbd2 Be6 11. c3 Nbd7 12. Qc2 Qc7 13. Rfe1 g5 14. Bg3 Bxg3
15. fxg3 Qxg3 16. Ne5 Nxe5 17. dxe5 Nh5 18. Nf1 Qh4 19. Bf5 Ng3 20. Bxe6 Rxe6
21. Nh2 Ne4 22. Nf3 Qh5 23. c4 g4 24. cxd5 cxd5 25. hxg4 Qxg4 26. Rad1 Rc6 27.
Qb3 Rb6 28. Qc2 Rc8 29. Qe2 Rc5 30. Nd4 Qg5 31. Nf3 Qe7 32. Rb1 Rcb5 33. Nd4
Qc5 34. Qg4+ Rg6 35. Qd1 Rb4 36. Rc1 Qxd4+ 37. Qxd4 Rxd4 38. Rcd1 Rxd1 39. Rxd1
Rb6 40. Rxd5 Rxb2 41. Ra5 a6 42. Kh2 Nc3 0-1

[Event "ENCI Limburg-open B"]
[Site "Maastricht"]
[Date "2012.05.26"]
[Round "2"]
[White "Staudte, Rainer"]
[Black "Cebula, Jerzy"]
[Result "0-1"]
[WhiteElo "1954"]
[BlackElo "1993"]
[PlyCount "50"]
[EventDate "2012.05.25"]
[EventType "swiss"]
[EventRounds "7"]
[EventCountry "NED"]
[Source "P.Boonen"]
[SourceDate "2013.01.01"]

1. d4 Nf6 2. c4 c5 3. d5 e6 4. Nc3 exd5 5. cxd5 d6 6. e4 g6 7. f4 Bg7 8. Bb5+
Nbd7 9. e5 dxe5 10. fxe5 Nh5 11. e6 Qh4+ 12. g3 Nxg3 13. hxg3 Qxh1 14. Be3 a6
15. Bxd7+ Bxd7 16. exd7+ Kxd7 17. Qd2 Rhe8 18. O-O-O Rxe3 19. Qxe3 Bh6 20. Qxh6
Qxh6+ 21. Kb1 Re8 22. Nge2 b5 23. Nf4 Kd6 24. a3 Qg5 25. Rg1 h5 0-1

[Event "ENCI Limburg-open B"]
[Site "Maastricht"]
[Date "2012.05.26"]
[Round "2"]
[White "Sterck, Arno"]
[Black "Tikanmaki, Heikki"]
[Result "1/2-1/2"]
[WhiteElo "1811"]
[BlackElo "1813"]
[PlyCount "87"]
[EventDate "2012.05.25"]
[EventType "swiss"]
[EventRounds "7"]
[EventCountry "NED"]
[Source "P.Boonen"]
[SourceDate "2013.01.01"]

1. e4 Nf6 2. e5 Nd5 3. d4 d6 4. exd6 exd6 5. c4 Nb6 6. Bd3 Nc6 7. Ne2 Be7 8.
O-O Bf6 9. Be3 Bg4 10. h3 Bh5 11. Qc2 Nb4 12. Qd2 Nxd3 13. Qxd3 Bg6 14. Qb3 h6
15. Nbc3 Bd3 16. c5 Bc4 17. Qc2 Nd7 18. Ne4 d5 19. N4g3 O-O 20. Rfe1 Bxe2 21.
Rxe2 Re8 22. Rae1 Re6 23. Qb3 Nf8 24. Nf5 b6 25. Rc1 c6 26. Qa4 b5 27. Qc2 Qd7
28. Rce1 Be7 29. a3 Re8 30. Qd3 Ng6 31. Bd2 Bf8 32. Rxe6 Rxe6 33. Be3 Rf6 34.
Ng3 Re6 35. Ra1 a5 36. b4 a4 37. Rf1 Qe8 38. Nf5 Ne7 39. Nd6 Qd7 40. f4 Nc8 41.
Nf5 g6 42. Ng3 Qe8 43. Rf3 f5 44. Nf1 1/2-1/2

[Event "ENCI Limburg-open B"]
[Site "Maastricht"]
[Date "2012.05.26"]
[Round "2"]
[White "Tuerlinckx, Ben"]
[Black "Moog, Gerhard"]
[Result "0-1"]
[WhiteElo "1958"]
[BlackElo "1964"]
[PlyCount "50"]
[EventDate "2012.05.25"]
[EventType "swiss"]
[EventRounds "7"]
[EventCountry "NED"]
[Source "P.Boonen"]
[SourceDate "2013.01.01"]

1. e4 e5 2. Nc3 Nc6 3. g3 g6 4. Bg2 Bg7 5. Nge2 d6 6. O-O Nge7 7. d3 O-O 8. f4
Bg4 9. h3 Bxe2 10. Nxe2 Qd7 11. c3 d5 12. exd5 Nxd5 13. fxe5 Nxe5 14. d4 Nc4
15. Qd3 b5 16. b3 Ncb6 17. Nf4 Rad8 18. Ba3 Rfe8 19. Nxd5 Nxd5 20. Bxd5 Qxd5
21. Qf3 Qxf3 22. Rxf3 Rxd4 23. Bc5 Rd2 24. Bxa7 Ra8 25. Bd4 Rxd4 0-1

[Event "ENCI Limburg-open B"]
[Site "Maastricht"]
[Date "2012.05.26"]
[Round "2"]
[White "Turrini, Paolo"]
[Black "Cromsigt, Jeroen"]
[Result "1/2-1/2"]
[WhiteElo "1793"]
[BlackElo "1934"]
[PlyCount "122"]
[EventDate "2012.05.25"]
[EventType "swiss"]
[EventRounds "7"]
[EventCountry "NED"]
[Source "P.Boonen"]
[SourceDate "2013.01.01"]

1. c4 Nf6 2. g3 c5 3. Bg2 d5 4. cxd5 Nxd5 5. Nc3 Nc7 6. Nf3 Nc6 7. O-O e5 8. d3
Be7 9. Be3 O-O 10. Rc1 Bd7 11. a3 Rb8 12. Na2 b6 13. b4 cxb4 14. Nxb4 Nxb4 15.
axb4 Bd6 16. Ra1 a6 17. Qb1 Qe7 18. Rc1 Bb5 19. Qb2 Nd5 20. Bd2 Rfc8 21. Rab1
Rxc1+ 22. Rxc1 Nxb4 23. Bxb4 Bxb4 24. Qxe5 Qxe5 25. Nxe5 Re8 26. Nc6 Bf8 27.
Bf3 g6 28. Kf1 Kg7 29. Nd4 Bd7 30. Rc7 Bh3+ 31. Ke1 Rc8 32. Rxc8 Bxc8 33. Kd2
Bb4+ 34. Ke3 Bc5 35. Ke4 a5 36. Kd5 a4 37. Kc4 Ba6+ 38. Kc3 a3 39. e3 Kf6 40.
Nb3 Be7 41. Bd5 h5 42. Nd4 b5 43. Nc6 b4+ 44. Nxb4 Bxb4+ 45. Kxb4 Bxd3 46. Kxa3
Ke7 47. Kb4 f5 48. f4 Kf6 49. h4 Be2 50. Kc5 Bd1 51. Kd6 Bc2 52. Kd7 Bd3 53.
Ke8 Kg7 54. Ke7 Bc2 55. Kd6 Bd3 56. Ke5 Bc2 57. e4 fxe4 58. Bxe4 Bd1 59. f5
gxf5 60. Kxf5 Kh6 61. Kf4 Bb3 1/2-1/2

[Event "ENCI Limburg-open B"]
[Site "Maastricht"]
[Date "2012.05.26"]
[Round "2"]
[White "Tutenel, Erik"]
[Black "Machiroux, Bruno"]
[Result "1/2-1/2"]
[WhiteElo "1819"]
[BlackElo "1809"]
[PlyCount "42"]
[EventDate "2012.05.25"]
[EventType "swiss"]
[EventRounds "7"]
[EventCountry "NED"]
[Source "P.Boonen"]
[SourceDate "2013.01.01"]

1. e4 Nf6 2. Nc3 e5 3. f4 d6 4. Nf3 Bg4 5. Bc4 Nc6 6. d3 Nd4 7. Be3 Nxf3+ 8.
gxf3 exf4 9. fxg4 fxe3 10. Rf1 d5 11. Nxd5 Nxd5 12. Bxd5 Qh4+ 13. Ke2 O-O-O 14.
Kxe3 c6 15. Bxf7 Bc5+ 16. Kd2 Qg5+ 17. Ke1 Qh4+ 18. Kd2 Qxh2+ 19. Kc1 Qh6+ 20.
Kb1 Rhf8 21. a3 Qd6 1/2-1/2

[Event "ENCI Limburg-open B"]
[Site "Maastricht"]
[Date "2012.05.26"]
[Round "2"]
[White "Uckerman, John"]
[Black "Cairo, Serge"]
[Result "1-0"]
[WhiteElo "1762"]
[BlackElo "1829"]
[PlyCount "55"]
[EventDate "2012.05.25"]
[EventType "swiss"]
[EventRounds "7"]
[EventCountry "NED"]
[Source "P.Boonen"]
[SourceDate "2013.01.01"]

1. e4 d6 2. d4 Nf6 3. Nc3 Nbd7 4. a3 e5 5. d5 Be7 6. Be3 c6 7. Be2 cxd5 8. exd5
O-O 9. Qd2 a6 10. O-O-O b5 11. Kb1 Rb8 12. g4 b4 13. axb4 Rxb4 14. g5 Ne8 15.
Na2 Rb8 16. Nb4 Rxb4 17. Qxb4 Bxg5 18. Nf3 Be7 19. Rhg1 f5 20. Ng5 Nc5 21. h4
a5 22. Qb8 Nc7 23. Bxc5 dxc5 24. d6 Bxg5 25. dxc7 Qe7 26. hxg5 Bd7 27. Bc4+ Kh8
28. Rxd7 1-0

[Event "ENCI Limburg-open B"]
[Site "Maastricht"]
[Date "2012.05.26"]
[Round "2"]
[White "Van der Velde, Wytse"]
[Black "Coenen, Siegfried"]
[Result "0-1"]
[WhiteElo "1934"]
[BlackElo "1997"]
[PlyCount "90"]
[EventDate "2012.05.25"]
[EventType "swiss"]
[EventRounds "7"]
[EventCountry "NED"]
[Source "P.Boonen"]
[SourceDate "2013.01.01"]

1. e4 e5 2. Nf3 Nf6 3. d4 Nxe4 4. Bd3 d5 5. Nxe5 Nd7 6. O-O Nxe5 7. dxe5 Nc5 8.
Nc3 Nxd3 9. Qxd3 c6 10. b3 g6 11. Bb2 Bf5 12. Qd2 h5 13. e6 f6 14. Ne2 Bxe6 15.
Nd4 Bd7 16. Rfe1+ Kf7 17. Qf4 g5 18. Qd2 Bd6 19. Qd3 Be5 20. Rxe5 fxe5 21. Nf3
e4 22. Qd4 Rh7 23. Re1 exf3 24. Qd3 Rh6 25. Qxf3+ Kg8 26. c4 Qf8 27. Qc3 Re8
28. Rxe8 Bxe8 29. cxd5 cxd5 30. Qe5 Bf7 31. Qxg5+ Rg6 32. Qe5 Rg7 33. Qf5 Qc5
34. h3 Bg6 35. Qe5 Qe7 36. Qxd5+ Bf7 37. Qd4 Qg5 38. g3 b6 39. Qxg7+ Qxg7 40.
Bxg7 Kxg7 41. Kg2 Kf6 42. Kf3 Kg5 43. g4 h4 44. Ke3 Bd5 45. f3 a5 0-1

[Event "ENCI Limburg-open B"]
[Site "Maastricht"]
[Date "2012.05.26"]
[Round "2"]
[White "Vaneylen, Urbain"]
[Black "Zegstroo, Martin"]
[Result "1/2-1/2"]
[WhiteElo "1710"]
[BlackElo "1891"]
[PlyCount "114"]
[EventDate "2012.05.25"]
[EventType "swiss"]
[EventRounds "7"]
[EventCountry "NED"]
[Source "P.Boonen"]
[SourceDate "2013.01.01"]

1. f4 d5 2. Nf3 c5 3. e3 a6 4. Be2 Nc6 5. O-O Qc7 6. d3 Nf6 7. Qe1 g6 8. Qh4
Bg7 9. Nc3 b5 10. e4 d4 11. Nd1 Bb7 12. Nf2 O-O-O 13. Bd2 Kb8 14. a3 Nd7 15. b4
c4 16. Rfb1 c3 17. Bc1 f6 18. Qh3 Qd6 19. a4 e5 20. g3 h6 21. axb5 axb5 22. Nh4
Nf8 23. Qf1 h5 24. Nh3 Bc8 25. fxe5 Nxe5 26. Nf2 Bh6 27. Bxh6 Rxh6 28. Ra5 Qc6
29. Rba1 Bb7 30. Qc1 Rh7 31. Nf3 Ng4 32. Qf4+ Qd6 33. Qxd6+ Rxd6 34. Rxb5 Ne3
35. Ne1 Nd7 36. Nd1 Ng4 37. h3 Nge5 38. Nf3 Re7 39. Nf2 Nc6 40. Nh4 Nde5 41. g4
hxg4 42. Nxg4 Rh7 43. Nxe5 Nxe5 44. Nf3 Nc6 45. Bf1 Rd8 46. Bg2 Kc7 47. Rd5
Rhd7 48. Rxd7+ Rxd7 49. b5 Nb4 50. Ne1 Kb6 51. Kf2 Kxb5 52. Bf3 Kb6 53. Ra4 Nc6
54. Bg4 Rd6 55. Bf3 Ne5 56. Be2 Bc6 57. Rb4+ Kc5 1/2-1/2

[Event "ENCI Limburg-open B"]
[Site "Maastricht"]
[Date "2012.05.26"]
[Round "2"]
[White "Wambach, Patrick"]
[Black "Kronseder, Michael"]
[Result "1-0"]
[WhiteElo "1847"]
[BlackElo "1754"]
[PlyCount "61"]
[EventDate "2012.05.25"]
[EventType "swiss"]
[EventRounds "7"]
[EventCountry "NED"]
[Source "P.Boonen"]
[SourceDate "2013.01.01"]

1. Nf3 d5 2. c4 d4 3. b4 g6 4. Bb2 Bg7 5. g3 e5 6. d3 Ne7 7. Bg2 Nd7 8. O-O Rb8
9. Nbd2 c5 10. bxc5 Nxc5 11. Ba3 Qc7 12. Bxc5 Qxc5 13. Ne4 Qc7 14. Qa4+ Bd7 15.
Qxa7 O-O 16. Qc5 Qxc5 17. Nxc5 Bc6 18. Ng5 h6 19. Nge4 Rfd8 20. Rfb1 f5 21. Nd2
e4 22. Ne6 exd3 23. Nxd8 dxe2 24. Nxc6 Nxc6 25. Bxc6 d3 26. Bd5+ Kh7 27. Nf3 b5
28. cxb5 Rd8 29. Bc4 g5 30. Ne1 Bxa1 31. Bxd3 1-0

[Event "ENCI Limburg-open B"]
[Site "Maastricht"]
[Date "2012.05.26"]
[Round "2"]
[White "Willen, Ronny"]
[Black "Snoeks, Pieter Jan"]
[Result "0-1"]
[WhiteElo "1876"]
[BlackElo "1719"]
[PlyCount "74"]
[EventDate "2012.05.25"]
[EventType "swiss"]
[EventRounds "7"]
[EventCountry "NED"]
[Source "P.Boonen"]
[SourceDate "2013.01.01"]

1. e4 e5 2. Nf3 Nc6 3. d4 exd4 4. Nxd4 Bc5 5. Be3 Qf6 6. c3 Nge7 7. Nd2 Nxd4 8.
cxd4 Bxd4 9. Bxd4 Qxd4 10. Qc2 c5 11. Nc4 d5 12. exd5 Qxd5 13. Rd1 Qe6+ 14. Be2
O-O 15. O-O Nc6 16. Rd6 Nd4 17. Rxe6 Nxc2 18. Re5 Nd4 19. Bd3 b6 20. Rfe1 Ba6
21. b3 Rad8 22. Bb1 Bxc4 23. bxc4 Nc6 24. Rd5 Nb4 25. Rxd8 Rxd8 26. a3 Nc6 27.
Be4 Nd4 28. Bd5 Kf8 29. a4 Re8 30. Rb1 Ne2+ 31. Kf1 Nc3 32. Rb3 Nxd5 33. cxd5
Ke7 34. a5 Rb8 35. Ke2 b5 36. Ke3 Kd6 37. Rd3 c4 0-1

[Event "ENCI Limburg-open B"]
[Site "Maastricht"]
[Date "2012.05.26"]
[Round "2"]
[White "Wlogalski, Olivier"]
[Black "Sofic, Narcis"]
[Result "0-1"]
[WhiteElo "1926"]
[BlackElo "1871"]
[PlyCount "81"]
[EventDate "2012.05.25"]
[EventType "swiss"]
[EventRounds "7"]
[EventCountry "NED"]
[Source "P.Boonen"]
[SourceDate "2013.01.01"]

1. b3 Nf6 2. Bb2 g6 3. Bxf6 exf6 4. c4 Bg7 5. Nc3 O-O 6. g3 Nc6 7. Bg2 d6 8. e3
f5 9. Rc1 Ne5 10. d4 Ng4 11. Nge2 Re8 12. O-O c6 13. Qc2 h5 14. h4 Bd7 15. b4
Qe7 16. a4 Rac8 17. Qb3 Bh6 18. Nf4 g5 19. hxg5 Qxg5 20. Nce2 h4 21. Nh3 Qf6
22. gxh4 Qxh4 23. Nef4 Re7 24. d5 Rce8 25. Rc3 Kh7 26. b5 c5 27. Qd1 Rg8 28.
Qf3 Nf6 29. Rc2 Rg4 30. Rfc1 Re8 31. Kf1 Reg8 32. Ke2 Ne4 33. Rh1 Qf6 34. Kd3
Qe5 35. Qe2 Bxf4 36. Nxf4+ Kg7 37. Qf3 Kf8 38. Qh3 Ke8 39. Bxe4 fxe4+ 40. Kd2
Rxf4 41. Qh2 0-1

[Event "ENCI Limburg-open B"]
[Site "Maastricht"]
[Date "2012.05.26"]
[Round "3"]
[White "Alvarez Carbajales, Fermin"]
[Black "Wambach, Patrick"]
[Result "0-1"]
[WhiteElo "1954"]
[BlackElo "1847"]
[PlyCount "106"]
[EventDate "2012.05.25"]
[EventType "swiss"]
[EventRounds "7"]
[EventCountry "NED"]
[Source "P.Boonen"]
[SourceDate "2013.01.01"]

1. e4 d6 2. Nc3 c5 3. g3 g6 4. Bg2 Bg7 5. d3 Nf6 6. h3 Nc6 7. Be3 O-O 8. Qd2
Rb8 9. Bh6 b5 10. Bxg7 Kxg7 11. f4 e5 12. Nge2 Nd4 13. O-O b4 14. Nd5 Nxe2+ 15.
Qxe2 Nxd5 16. exd5 Rb7 17. Qf2 Qf6 18. Rae1 exf4 19. Qxf4 Qxf4 20. Rxf4 f5 21.
a3 bxa3 22. bxa3 Bd7 23. Rc4 Rf7 24. Bf1 Bb5 25. Rc3 Rfe7 26. Rxe7+ Rxe7 27.
Kf2 Kf6 28. Rb3 Ba4 29. Rc3 Bb5 30. Rb3 Ba6 31. c4 Rb7 32. Rxb7 Bxb7 33. Ke3
Ke5 34. h4 h6 35. Bg2 g5 36. hxg5 hxg5 37. Bf3 Bc8 38. Bh5 Bd7 39. Bg6 a6 40.
Bh5 f4+ 41. gxf4+ gxf4+ 42. Kd2 Kd4 43. Bg6 Bg4 44. Bh7 Ke5 45. Be4 Kd4 46. Bg6
f3 47. Be4 f2 48. Bg2 Bf5 49. Bf1 Bh7 50. Be2 Bg6 51. Bf1 Bf5 52. Kc2 Ke3 53.
Kc3 Bg4 0-1

[Event "ENCI Limburg-open B"]
[Site "Maastricht"]
[Date "2012.05.26"]
[Round "3"]
[White "Bex, Lennert"]
[Black "Uckerman, John"]
[Result "1/2-1/2"]
[WhiteElo "1739"]
[BlackElo "1762"]
[PlyCount "99"]
[EventDate "2012.05.25"]
[EventType "swiss"]
[EventRounds "7"]
[EventCountry "NED"]
[Source "P.Boonen"]
[SourceDate "2013.01.01"]

1. c4 Nf6 2. g3 d6 3. Bg2 e5 4. Nc3 Nbd7 5. d3 c6 6. e3 Be7 7. Nge2 Qc7 8. O-O
g5 9. d4 Nf8 10. Qc2 Ng6 11. f4 h6 12. Ne4 Nxe4 13. Qxe4 f5 14. Qd3 O-O 15. Bd2
e4 16. Qc2 g4 17. a3 Be6 18. b4 Qd7 19. c5 d5 20. Rfb1 a6 21. a4 Rfc8 22. Qb2
Qe8 23. Ra3 Bd7 24. Nc3 h5 25. b5 Bd8 26. bxc6 Bxc6 27. a5 Nf8 28. Qa2 Qf7 29.
Kf2 Nd7 30. Qb3 Bc7 31. Na2 Rab8 32. Nb4 Nf6 33. Nxc6 bxc6 34. Qc2 Rxb1 35.
Qxb1 Bd8 36. Rb3 Qa7 37. Bf1 Ne8 38. h3 Nc7 39. hxg4 hxg4 40. Be2 Nb5 41. Qh1
Qh7 42. Qxh7+ Kxh7 43. Rb1 Kg6 44. Rh1 Bf6 45. Kg2 Rc7 46. Rc1 Rb7 47. Rb1 Rc7
48. Bxb5 cxb5 49. Rc1 Rc6 50. Bb4 1/2-1/2

[Event "ENCI Limburg-open B"]
[Site "Maastricht"]
[Date "2012.05.26"]
[Round "3"]
[White "Blom, Huub"]
[Black "Wlogalski, Olivier"]
[Result "1/2-1/2"]
[WhiteElo "1846"]
[BlackElo "1926"]
[PlyCount "118"]
[EventDate "2012.05.25"]
[EventType "swiss"]
[EventRounds "7"]
[EventCountry "NED"]
[Source "P.Boonen"]
[SourceDate "2013.01.01"]

1. e4 b6 2. d4 Bb7 3. Nc3 e6 4. Nf3 Bb4 5. Bd3 Nf6 6. Qe2 d5 7. exd5 Qxd5 8.
Bd2 Bxc3 9. Bxc3 O-O 10. O-O Nbd7 11. Bc4 Qh5 12. Ne5 Qxe2 13. Bxe2 Rac8 14.
Nxd7 Nxd7 15. Bd2 c5 16. dxc5 Nxc5 17. Bb4 Rfd8 18. Bxc5 Rxc5 19. Rfd1 Rdc8 20.
c3 g6 21. Rd7 R8c7 22. Rxc7 Rxc7 23. Rd1 Bd5 24. a3 Rc5 25. f4 Kf8 26. Kf2 Ke7
27. Bf3 Kd6 28. Ke2 f6 29. Bxd5 Rxd5 30. Rxd5+ Kxd5 31. Kd3 e5 32. c4+ Kd6 33.
fxe5+ Kxe5 34. b4 h5 35. a4 g5 36. c5 bxc5 37. bxc5 Kd5 38. c6 Kxc6 39. Ke4 Kd6
40. Kf5 Ke7 41. a5 Kf7 42. g3 a6 43. h3 Kg7 44. Ke4 Kg6 45. g4 h4 46. Ke3 f5
47. gxf5+ Kxf5 48. Kf3 g4+ 49. hxg4+ Kg5 50. Kf2 Kxg4 51. Kg2 Kf4 52. Kh3 Ke4
53. Kxh4 Kd4 54. Kg3 Kc4 55. Kf2 Kb4 56. Ke2 Kxa5 57. Kd2 Ka4 58. Kc1 Ka3 59.
Kb1 a5 1/2-1/2

[Event "ENCI Limburg-open B"]
[Site "Maastricht"]
[Date "2012.05.26"]
[Round "3"]
[White "Bos, Robin"]
[Black "Begri, Felix"]
[Result "1/2-1/2"]
[WhiteElo "1878"]
[BlackElo "1893"]
[PlyCount "72"]
[EventDate "2012.05.25"]
[EventType "swiss"]
[EventRounds "7"]
[EventCountry "NED"]
[Source "P.Boonen"]
[SourceDate "2013.01.01"]

1. e4 c5 2. Nf3 d6 3. d4 cxd4 4. Nxd4 Nf6 5. Nc3 a6 6. Be3 e5 7. Nb3 Be6 8. Qd2
Be7 9. f3 O-O 10. O-O-O a5 11. Kb1 a4 12. Nc1 Nbd7 13. g4 Nb6 14. g5 Ne8 15. h4
Nc4 16. Bxc4 Bxc4 17. h5 b5 18. Rdg1 b4 19. Nd5 Bxd5 20. exd5 a3 21. b3 Nc7 22.
g6 Bf6 23. h6 fxg6 24. hxg7 Rf7 25. Rxg6 hxg6 26. Rh8+ Kxg7 27. Rxd8 Rxd8 28.
Bb6 Rc8 29. Ne2 Rh8 30. c4 Rh1+ 31. Kc2 Rh2 32. Kd1 Rh1+ 33. Ng1 Na6 34. Qg2
Rh5 35. Nh3 Rf5 36. Be3 Be7 1/2-1/2

[Event "ENCI Limburg-open B"]
[Site "Maastricht"]
[Date "2012.05.26"]
[Round "3"]
[White "Braam, Marco"]
[Black "Schubert, Karl"]
[Result "1-0"]
[WhiteElo "1707"]
[BlackElo "1879"]
[PlyCount "57"]
[EventDate "2012.05.25"]
[EventType "swiss"]
[EventRounds "7"]
[EventCountry "NED"]
[Source "P.Boonen"]
[SourceDate "2013.01.01"]

1. e4 d6 2. d4 Nf6 3. f3 g6 4. Bc4 c6 5. Be3 Bg7 6. Ne2 Qc7 7. Nbc3 Nbd7 8. Qd2
h6 9. Bb3 a6 10. O-O b5 11. a3 Bb7 12. Nf4 g5 13. Nfe2 c5 14. d5 O-O-O 15. Ng3
c4 16. Nf5 Bf8 17. Ba2 e6 18. dxe6 fxe6 19. Nd4 Re8 20. b3 d5 21. exd5 exd5 22.
Bf2 Bd6 23. g3 Ne5 24. Be3 Bc5 25. b4 Bb6 26. a4 Nc6 27. Bf2 bxa4 28. Nxa4 Nxd4
29. Nxb6+ 1-0

[Event "ENCI Limburg-open B"]
[Site "Maastricht"]
[Date "2012.05.26"]
[Round "3"]
[White "Broekhuis, Jan"]
[Black "Tutenel, Erik"]
[Result "1/2-1/2"]
[WhiteElo "1880"]
[BlackElo "1819"]
[PlyCount "118"]
[EventDate "2012.05.25"]
[EventType "swiss"]
[EventRounds "7"]
[EventCountry "NED"]
[Source "P.Boonen"]
[SourceDate "2013.01.01"]

1. e4 e5 2. Nf3 Nc6 3. Bb5 a6 4. Ba4 Nf6 5. Qe2 b5 6. Bb3 Be7 7. c3 O-O 8. O-O
d5 9. d3 dxe4 10. dxe4 Bg4 11. Rd1 Qc8 12. Bg5 Na5 13. Bc2 Re8 14. Nbd2 Nh5 15.
Be3 Bd6 16. b4 Nb7 17. a4 c6 18. Bb3 Nd8 19. Nf1 Bc7 20. axb5 axb5 21. Rxa8
Qxa8 22. h3 Be6 23. Bxe6 Nxe6 24. g3 Nf6 25. Ng5 Qc8 26. Kg2 Nxg5 27. Bxg5 Qe6
28. Bxf6 Qxf6 29. Rd7 Bd6 30. Ne3 Qe6 31. Ra7 Qb3 32. Nf5 Bf8 33. Qd2 g6 34.
Qd7 Qe6 35. Qxe6 Rxe6 36. Ne3 Bh6 37. Kf3 Bxe3 38. Kxe3 Kg7 39. Rd7 Kf6 40. Kd3
Re7 41. Rd8 Ke6 42. f4 f6 43. Ke3 Rd7 44. f5+ gxf5 45. exf5+ Ke7 46. Rc8 Kd6
47. Re8 Kd5 48. Kd3 c5 49. Rc8 e4+ 50. Ke3 cxb4 51. cxb4 Ke5 52. Re8+ Kxf5 53.
Rxe4 Ra7 54. Kf3 Ra3+ 55. Re3 Rxe3+ 56. Kxe3 Ke5 57. g4 Kd5 58. Kd3 Ke5 59. Ke3
Kd5 1/2-1/2

[Event "ENCI Limburg-open B"]
[Site "Maastricht"]
[Date "2012.05.26"]
[Round "3"]
[White "Cebula, Jerzy"]
[Black "Coenen, Bert"]
[Result "1-0"]
[WhiteElo "1993"]
[BlackElo "1835"]
[PlyCount "85"]
[EventDate "2012.05.25"]
[EventType "swiss"]
[EventRounds "7"]
[EventCountry "NED"]
[Source "P.Boonen"]
[SourceDate "2013.01.01"]

1. e4 c5 2. Nf3 e6 3. d4 cxd4 4. Nxd4 a6 5. c4 Nf6 6. Bd3 Qc7 7. Nc3 d6 8. O-O
Nbd7 9. Be3 b6 10. Rc1 Bb7 11. f3 Rc8 12. b3 Be7 13. Kh1 O-O 14. Qd2 Rfe8 15.
Qf2 Qb8 16. Nde2 Bd8 17. Bd4 Bc7 18. Qh4 Bd8 19. Qh3 h6 20. Rcd1 Be7 21. Qg3
Kh8 22. Bb1 Ba8 23. f4 e5 24. Be3 Bf8 25. fxe5 Rxe5 26. Qh3 Kg8 27. Bf4 Ree8
28. Nd4 Rc5 29. Nf5 Nxe4 30. Nxe4 Bxe4 31. Nxd6 Bxg2+ 32. Qxg2 Re6 33. Ne4 Qe8
34. Nxc5 Re2 35. Qd5 Nxc5 36. Bg3 Qe3 37. Qf3 Qe6 38. Rde1 Rxe1 39. Rxe1 Qd7
40. Qf5 Qc6+ 41. Be4 Nxe4 42. Qxe4 Qf6 43. Qa8 1-0

[Event "ENCI Limburg-open B"]
[Site "Maastricht"]
[Date "2012.05.26"]
[Round "3"]
[White "Coenen, Siegfried"]
[Black "Corvers, John"]
[Result "1-0"]
[WhiteElo "1997"]
[BlackElo "1787"]
[PlyCount "81"]
[EventDate "2012.05.25"]
[EventType "swiss"]
[EventRounds "7"]
[EventCountry "NED"]
[Source "P.Boonen"]
[SourceDate "2013.01.01"]

1. e4 c5 2. Nc3 d6 3. f4 g6 4. Nf3 Bg7 5. a3 Nc6 6. Bb5 Bd7 7. O-O a6 8. Bxc6
Bxc6 9. d3 e6 10. Be3 Ne7 11. Qd2 O-O 12. Rab1 Qc7 13. Kh1 Rfc8 14. Qf2 b5 15.
Ne2 Rab8 16. c3 c4 17. Ned4 cxd3 18. Nxc6 Qxc6 19. Rfe1 Rb7 20. Bd4 f6 21. Rbd1
e5 22. fxe5 dxe5 23. Ba7 Ra8 24. Bc5 Rd8 25. Qe3 Nc8 26. Bb4 Nb6 27. Rxd3 Rxd3
28. Qxd3 Rd7 29. Qe2 Kf7 30. h3 Nc4 31. Qf2 a5 32. Bxa5 Ke6 33. Bb4 Bh6 34. b3
Nd2 35. Nxd2 Rxd2 36. Qh4 Bf4 37. g3 Bg5 38. Qxh7 Qe8 39. Qb7 Rd3 40. c4 bxc4
41. Qa6+ 1-0

[Event "ENCI Limburg-open B"]
[Site "Maastricht"]
[Date "2012.05.26"]
[Round "3"]
[White "Cornelius, Jorg"]
[Black "Bondarchuk, Vadim"]
[Result "0-1"]
[WhiteElo "2036"]
[BlackElo "1985"]
[PlyCount "108"]
[EventDate "2012.05.25"]
[EventType "swiss"]
[EventRounds "7"]
[EventCountry "NED"]
[Source "P.Boonen"]
[SourceDate "2013.01.01"]

1. e4 e5 2. Nf3 Nf6 3. Nxe5 d6 4. Nf3 Nxe4 5. Qe2 Qe7 6. d3 Nf6 7. Bg5 Be6 8.
Nc3 h6 9. Bh4 g5 10. Bg3 Nc6 11. d4 g4 12. O-O-O gxf3 13. gxf3 d5 14. Qb5 O-O-O
15. Na4 Qb4 16. Qxb4 Bxb4 17. c3 Be7 18. b4 h5 19. Bd3 h4 20. Bf4 Rhg8 21. Rde1
Nh5 22. Be3 Bg5 23. Nc5 Bh3 24. Rhg1 Bf4 25. b5 Na5 26. Bh7 Rxg1 27. Rxg1 Nc4
28. Bxf4 Nxf4 29. Rg7 Rf8 30. Kc2 Na3+ 31. Kb3 Nxb5 32. Bc2 Ne6 33. Rh7 Nxc5+
34. dxc5 c6 35. Rxh4 Be6 36. Kb2 Rg8 37. f4 d4 38. cxd4 Nxd4 39. Be4 Rg1 40.
Rh8+ Kc7 41. h4 Bf5 42. Bxf5 Nxf5 43. Rh5 Ng7 44. Rh7 Kd7 45. h5 Ke7 46. h6 Ne8
47. Rh8 Rg2 48. Kc3 Rxf2 49. h7 Rh2 50. Kd4 b5 51. cxb6 axb6 52. Ke5 c5 53. a4
Rh3 54. Kd5 Rxh7 0-1

[Event "ENCI Limburg-open B"]
[Site "Maastricht"]
[Date "2012.05.26"]
[Round "3"]
[White "Cromsigt, Jeroen"]
[Black "Tuerlinckx, Ben"]
[Result "1-0"]
[WhiteElo "1934"]
[BlackElo "1958"]
[PlyCount "121"]
[EventDate "2012.05.25"]
[EventType "swiss"]
[EventRounds "7"]
[EventCountry "NED"]
[Source "P.Boonen"]
[SourceDate "2013.01.01"]

1. e4 c6 2. d4 d5 3. exd5 cxd5 4. Bd3 Nc6 5. c3 Nf6 6. Bf4 g6 7. h3 Bf5 8. Bxf5
gxf5 9. Qb3 Qc8 10. Ne2 Bg7 11. Nd2 O-O 12. Nf3 e6 13. Ne5 Nxe5 14. Bxe5 Ne4
15. Bxg7 Kxg7 16. f3 Nf6 17. O-O-O Rb8 18. Nf4 Qc7 19. Nd3 Qg3 20. Qc2 b5 21.
Kb1 Nd7 22. h4 a5 23. Qd2 Kh8 24. Rde1 Rg8 25. Re2 Nb6 26. Ne5 Qg7 27. Qg5 Nc4
28. Qxg7+ Rxg7 29. Nd7 Rbg8 30. Rh2 b4 31. cxb4 axb4 32. Nc5 Rb8 33. Nb3 h5 34.
Nc1 Rgg8 35. Rh1 Rgc8 36. Rd1 Kg7 37. Rd3 Kf6 38. Rb3 Na5 39. Rd3 Rc4 40. b3
Rc7 41. Rc2 Rbc8 42. Rxc7 Rxc7 43. Ne2 Kg6 44. Rd2 Nb7 45. Rc2 Rxc2 46. Kxc2
Nd6 47. Nf4+ Kh6 48. Nd3 Nb5 49. Nxb4 Nxd4+ 50. Kd3 Nb5 51. a4 Na7 52. Kd4 f6
53. Kc5 Kg6 54. a5 f4 55. a6 Kf5 56. Nc6 Nc8 57. b4 e5 58. b5 d4 59. Nxd4+ exd4
60. Kxd4 Ke6 61. Kc5 1-0